Cushing : Civil War SEAL /

Bibliographic Details
Main Author: Schneller, Robert John, 1957-
Format: Book
Language:English
Published: Washington, D.C. : Brassey's, [2004]
Edition:1st ed.
Series:Military profiles.
Subjects:

MARC

Tag First Indicator Second Indicator Subfields
LEADER 00000pam a2200000 a 4500
001 in00001800913
005 20151025193931.0
008 030528s2004 dcuabf b 001 0beng
010 |a  2003012137 
020 |a 1574885065 (acid-free paper) 
020 |a 1574886967 (pbk. : acid-free paper) 
035 |a (OCoLC)ocm52418456 
040 |a DLC  |c DLC  |d UtOrBLW 
043 |a n-us--- 
049 |a TXAM 
050 0 0 |a E467.1.C98  |b S36 2004 
082 0 0 |a 973.7/58/092  |a B  |2 21 
100 1 |a Schneller, Robert John,  |d 1957- 
245 1 0 |a Cushing :  |b Civil War SEAL /  |c Robert J. Schneller. 
250 |a 1st ed. 
264 1 |a Washington, D.C. :  |b Brassey's,  |c [2004] 
264 4 |c ©2004 
300 |a xvi, 119 pages, 16 unnumbered pages of plates :  |b illustrations, maps ;  |c 21 cm. 
336 |a text  |b txt  |2 rdacontent 
337 |a unmediated  |b n  |2 rdamedia 
338 |a volume  |b nc  |2 rdacarrier 
490 1 |a Military profiles 
504 |a Includes bibliographical references (pages 105-113) and index. 
600 1 0 |a Cushing, William Barker,  |d 1842-1874. 
610 1 0 |a United States.  |b Navy  |x Officers  |v Biography. 
650 0 |a Ship captains  |z United States  |v Biography. 
651 0 |a United States  |x History  |y Civil War, 1861-1865  |x Naval operations. 
651 0 |a United States  |x History  |y Civil War, 1861-1865  |x Commando operations. 
830 0 |a Military profiles. 
945 |i PromptCat 
948 |a cataloged  |b h  |c 2004/1/20  |d c  |e dmitchel  |f 5:04:18 pm 
994 |a 92  |b TXA 
999 |a MARS 
999 f f |s 436cce3e-696c-3559-9371-1bcae50875eb  |i 5ed11c25-e67d-332a-a3b3-733d3bbe9a3a  |t 0 
952 f f |p noncirc  |a Texas A&M University  |b J.J. Pickle Campus  |c High Density Repository  |d Remote Storage  |t 0  |e E467.1.C98 S36 2004  |h Library of Congress classification  |i unmediated -- volume  |m A14830913133 
998 f f |a E467.1.C98 S36 2004  |t 0  |l Remote Storage